<?xml version="1.0" encoding="UTF-8"?><?xml-stylesheet type="text/xsl" href="static/style.xsl"?><OAI-PMH xmlns="http://www.openarchives.org/OAI/2.0/" xmlns:xsi="http://www.w3.org/2001/XMLSchema-instance" xsi:schemaLocation="http://www.openarchives.org/OAI/2.0/ http://www.openarchives.org/OAI/2.0/OAI-PMH.xsd"><responseDate>2026-06-29T02:49:47Z</responseDate><request verb="GetRecord" identifier="oai:docta.ucm.es:20.500.14352/116315" metadataPrefix="marc">https://docta.ucm.es/rest/oai/request</request><GetRecord><record><header><identifier>oai:docta.ucm.es:20.500.14352/116315</identifier><datestamp>2025-03-18T12:24:55Z</datestamp><setSpec>com_20.500.14352_14</setSpec><setSpec>col_20.500.14352_15</setSpec></header><metadata><record xmlns="http://www.loc.gov/MARC21/slim" xmlns:dcterms="http://purl.org/dc/terms/" xmlns:xsi="http://www.w3.org/2001/XMLSchema-instance" xmlns:doc="http://www.lyncode.com/xoai" xsi:schemaLocation="http://www.loc.gov/MARC21/slim http://www.loc.gov/standards/marcxml/schema/MARC21slim.xsd">
   <leader>00925njm 22002777a 4500</leader>
   <datafield ind2=" " ind1=" " tag="042">
      <subfield code="a">dc</subfield>
   </datafield>
   <datafield ind2=" " ind1=" " tag="720">
      <subfield code="a">Romero, Carlos</subfield>
      <subfield code="e">author</subfield>
   </datafield>
   <datafield ind2=" " ind1=" " tag="720">
      <subfield code="a">Cenalmor, Juan Carlos</subfield>
      <subfield code="e">author</subfield>
   </datafield>
   <datafield ind2=" " ind1=" " tag="720">
      <subfield code="a">Chamorro Francisco, Susana</subfield>
      <subfield code="e">author</subfield>
   </datafield>
   <datafield ind2=" " ind1=" " tag="720">
      <subfield code="a">César Redondo</subfield>
      <subfield code="e">author</subfield>
   </datafield>
   <datafield ind2=" " ind1=" " tag="260">
      <subfield code="c">2024</subfield>
   </datafield>
   <datafield ind2=" " ind1=" " tag="520">
      <subfield code="a">In recent years, the European Commission has approved the use of farmed insects in poultry feeding. Among the different farmed insects allowed, the black soldier fly (Hermetia illucens) stands out for being a dense source of nutrients and for its ability to transform most organic wastes, such as household food leftovers and livestock manure, into a rich source of essential amino acids, enabling thus the recycling of large amounts of residues. Currently, the main protein source used in the feed of laying hens is soybean meal. However, the use of soybean meal entails several concerns like deforestation, high carbon footprint, and its origin from genetically modified seeds. In the present research work, it was proven that soybean meal can be fully replaced by black soldier fly meal in the diet of hens without affecting the laying performance or the egg weight. This replacement also led to higher yolk concentration in vitamin E. Nonetheless, the dietary inclusion of black soldier fly meal also implied some impairment in egg quality, such as lower yolk colour score, worse albumen quality, reduced yolk concentrations in zinc and vitamin A, and decreased percentages of polyunsaturated and ω-3 fatty acids in egg yolk.</subfield>
   </datafield>
   <datafield ind1="8" ind2=" " tag="024">
      <subfield code="a">Romero, C., Cenalmor, J. C., Chamorro, S., &amp; Redondo, C. (2024). Effect of Different Dietary Doses of Black Soldier Fly Meal on Performance and Egg Quality in Free-Range Reared Laying Hens. Animals, 14(22), 3340. https://doi.org/10.3390/ani14223340</subfield>
   </datafield>
   <datafield ind1="8" ind2=" " tag="024">
      <subfield code="a">2076-2615</subfield>
   </datafield>
   <datafield ind1="8" ind2=" " tag="024">
      <subfield code="a">https://hdl.handle.net/20.500.14352/116315</subfield>
   </datafield>
   <datafield ind1="8" ind2=" " tag="024">
      <subfield code="a">https://doi.org/10.3390/ani14223340</subfield>
   </datafield>
   <datafield ind1="8" ind2=" " tag="024">
      <subfield code="a">https://www.mdpi.com/2076-2615/14/22/3340</subfield>
   </datafield>
   <datafield ind2="0" ind1="0" tag="245">
      <subfield code="a">Effect of Different Dietary Doses of Black Soldier Fly Meal on Performance and Egg Quality in Free-Range Reared Laying Hens</subfield>
   </datafield>
</record></metadata></record></GetRecord></OAI-PMH>